Applied nanotechnology : (رقم التسجيلة. 36266)
[ عرض عادي ]
| 000 -الفاتح | |
|---|---|
| حقل البيانات ثابتة الطول | 02402cam a22003377a 4500 |
| 001 - رقم الضبط | |
| رقم الضبط | 18165575 |
| 003 - محدد رقم الضبط | |
| رقم الضبط | OSt |
| 005 - وقت وتاريخ اخر تعامل مع التسجيلة | |
| رقم الضبط | 20150408114230.0 |
| 008 - عناصر البيانات ثابتة الطول - معلومات عامة | |
| حقل البيانات ثابتة الطول | 140527t20142014ne a b 001 0 eng d |
| 010 ## - رقم ضبط مكتبة الكونجرس | |
| رقم ضبط مكتبة الكونجرس | 2013454966 |
| 016 7# - رقم ضبط الوكاله الوطنية للضبط الببليوجرافي | |
| رقم ضبط التسجيلة | 016472972 |
| المصدر | Uk |
| 020 ## - الرقم الدولى المعيارى للكتب | |
| الرقم الدولى المعيارى للكتاب | 9781455731893 |
| 020 ## - الرقم الدولى المعيارى للكتب | |
| الرقم الدولى المعيارى للكتاب | 1455731897 |
| 035 ## - رقم ضبط النظام | |
| رقم ضبط النظام | (OCoLC)ocn868887995 |
| 040 ## - مصدر الفهرسة | |
| وكالة الفهرسة الأصلية | IND |
| وكالة النسخ | IND |
| وكالة التعديل | YDXCP |
| -- | BTCTA |
| -- | UKMGB |
| -- | CUD |
| -- | DLC |
| قواعد الوصف | rda |
| 042 ## - رمز التحقق | |
| رمز التحقق | lccopycat |
| 050 00 - رقم طلب مكتبة الكونجرس | |
| رقم التصنيف | T174.7 |
| رقم المادة | .R36 2014 |
| 082 04 - رقم تصنيف ديوى العشرى | |
| رقم التصنيف | 620.5 |
| رقم الطبعة | 23 |
| رقم المادة | RJA |
| 100 1# - المدخل الرئيسى - إسم شخصى | |
| الإسم الشخصى | Ramsden, Jeremy. |
| 245 10 - بيان العنوان | |
| العنوان | Applied nanotechnology : |
| بقية العنوان | the conversion of research results to products / |
| بيان المسئوليه,etc | Jeremy J. Ramsden, University of Buckingham, Buckingham, UK. |
| 250 ## - بيان الطبعة | |
| بيان الطبعة | Second edition. |
| 300 ## - الوصف المادى | |
| التعداد | xvi, 217 pages : |
| تفاصيل ماديه اخرى للوعاء | illustrations ; |
| أبعاد الوعاء | 24 cm |
| 504 ## - تبصرة ببليوجرافية | |
| تبصرة ببليوجرافية,الخ | Includes bibliographical references and index. |
| 505 0# - تبصرة محتويات-الفهرس | |
| تبصرة المحتويات المصاغة | Part I. Technology basics -- part II. Nanotechnology products -- part III. Organizing nanotechnology business -- part IV. Wider and longer-term issues. |
| 520 ## - التبصرة الخاصة بالتعليق أو التلخيص | |
| ملخص,الخ | Applied Nanotechnology takes an integrated approach to the scientific, commercial and social aspects of nanotechnology, exploring: The relationship between nanotechnology and innovationThe changing economics and business models required to commercialize innovations in nanotechnology Product design case studies Applications in various sectors, including information technology, composite materials, energy, and agriculture The role of government in promoting nanotechnology The potential future of molecular self-assembly in industrial production In this 2e, new chapters have been added on energy applications and the role of nanotechnology in sustainability. The section on the safety of nanoproducts has also been updated, and material on funding and commercialization has been updated and expanded, with new case studies illustrating the experience of new startups in a challenging economic environment. A route map for the commercialization of nanotechnology researchDiscusses product design challenges, regulatory issues, and ethical and social implications of nanotechnologyFeatures new case studies on nanotechnology startups in challenging economic times. |
| 650 #0 - المدخل الاضافى بالموضوع-مصطلح موضوعى | |
| مصطلح موضوعي أو اسم جغرافي كعنصر مدخل | Nanotechnology. |
| 650 #0 - المدخل الاضافى بالموضوع-مصطلح موضوعى | |
| مصطلح موضوعي أو اسم جغرافي كعنصر مدخل | Nanostructured materials industry. |
| 906 ## - عنصر بيانات محلى F, LDF (RLIN) | |
| a | 7 |
| b | cbc |
| c | copycat |
| d | 2 |
| e | ncip |
| f | 20 |
| g | y-gencatlg |
| 942 ## - عناصر المدخل الإضافي( كوها) | |
| مصدر التصنيف او مخطط الترفيف | Dewey Decimal Classification |
| Koha [default] item type | كتاب |
| حالة الفقد | نموذج السعر الفعال | حالة تلف | ليس للاعارة | رقم الطلب | Serial Enumeration / chronology | تاريخ الاكتساب | الموقع الحالي | الفرع الرئيسي | Date last seen | نوع المادة فى نظام كوها | مصدر التصنيف او خطة الترفيف | Total Checkouts |
|---|---|---|---|---|---|---|---|---|---|---|---|---|
| 2014-10-24 | 620.5 RJA | 00405894 | 2014-10-24 | المكتبة المركزية بالمجمعة (CL) | المكتبة المركزية بالمجمعة (CL) | 2014-10-24 | كتاب | Dewey Decimal Classification | ||||
| 2014-10-24 | 620.5 RJA | 00405894 | 2014-10-24 | المكتبة المركزية بالمجمعة (CL) | المكتبة المركزية بالمجمعة (CL) | 2014-10-24 | كتاب | Dewey Decimal Classification | ||||
| 2014-10-24 | 620.5 RJA | 00405894 | 2014-10-24 | المكتبة المركزية بالمجمعة (CL) | المكتبة المركزية بالمجمعة (CL) | 2014-10-24 | كتاب | Dewey Decimal Classification |
